| 000 | 00912nam a2200265 a 4500 | ||
|---|---|---|---|
| 001 | 000012189 | ||
| 005 | 20200929162733.0 | ||
| 008 | 091106s2006 dr 000 0 spa d | ||
| 020 | _a9945406434 | ||
| 040 |
_aDO-SdBNP _bspa _cBNPHU |
||
| 082 |
_a843.8 _bV531v |
||
| 100 | 1 |
_aPlaz-Power, Maria Isabel _91076 |
|
| 245 | 1 | 0 |
_aViaje al centro de la tierra / _cJulio Verne ; versión Maria Isabel Plaz-Power ; ilustración Adolfo Golindano. |
| 260 |
_aSanto Domingo : _bTobogan, _c2006. |
||
| 300 |
_a120 p. ; _c24 cm. |
||
| 490 | 1 | _aClásicos universales | |
| 650 | 4 |
_aNovela francesa _91075 |
|
| 650 | 4 |
_aLiteratura francesa _91074 |
|
| 700 | 1 | 2 |
_aPlaz Power, María Isabel _91076 |
| 700 | 1 | 2 |
_aGolindano, Adolfo _eil. _928796 |
| 700 | 1 | 2 |
_aVerne, Julio. _d1828-1905 _tViaje al centro de la tierra _928797 |
| 830 | 0 |
_aClásicos universales _9266 |
|
| 910 | _aValidado. Control de calidad MFF | ||
| 049 | _aBNPD | ||
| 999 |
_c11854 _d11854 |
||